Statistiques concernant Pays et capitales commençant par la même lettre

Cliquez ici pour prendre le quiz!

Statistiques générales

  • Ce quiz a été pris 49 440 fois
    (48 274 depuis la dernière actualisation)
  • Le résultat moyen est 10 sur 28

Statistiques - réponses

Pays / Capitale% Correct
Algérie / Alger
64%
Belgique / Bruxelles
64%
Luxembourg / Luxembourg
64%
Vatican / Vatican
63%
Brésil / Brasilia
62%
Andorre / Andorre-la-Vieille
61%
Monaco / Monaco
56%
Mexique / Mexico
51%
Tunisie / Tunis
51%
Suède / Stockholm
45%
Saint-Marin / Saint-Marin
43%
Guatemala / Guatemala
37%
Koweït / Koweït
36%
Panama / Panama
36%
Djibouti / Djibouti
31%
Singapour / Singapour
30%
Salvador / San Salvador
27%
Belize / Belmopan
24%
Brunei / Bandar Seri Begawan
24%
Niger / Niamey
24%
Sri Lanka / Sri Jayawardenepura Kotte
21%
Taïwan / Taipei
19%
Guyana / Georgetown
18%
Barbade / Bridgetown
16%
Maldives / Malé
16%
Mozambique / Maputo
15%
São Tomé-et-Principe / São Tomé
15%
Papouasie-Nouvelle-Guinée / Port Moresby
11%

Distribution des résultats

Percentile par nombre de réponses

% des personnes avec chaque résultat

Votre développement - résultats

Vous n’avez pas pris ce quiz depuis la dernière actualisation